000 00654nam a2200181Ia 4500
008 100920s9999 xx 000 0 und d
082 _b108378
_a891.43 न 08
100 _aमहेश संकलन.
245 _aमहापुरूषों के अनमोल वचन.
260 _bराही प्रकाशन,दिल्ली.
_c2008
300 _a64
_bसाधी
365 _b100
520 _aहिंदी.
630 _aमहापुरूषों के अनमोल वचन.
650 _aहिंदी.
730 _aमहापुरूषों के अनमोल वचन.
942 _cBOOK
999 _c748802
_d748799